| 000 | 01022nam a2200253Ia 4500 | ||
|---|---|---|---|
| 003 | Ost | ||
| 005 | 20260507075612.0 | ||
| 008 | 260507s9999||||xx |||||||||||||| ||und|| | ||
| 020 | _a977539453947 | ||
| 040 | _cfsecg | ||
| 041 | _aara | ||
| 082 | _a332 | ||
| 100 |
_aشهاب، مجدي محمود _eمؤلف |
||
| 245 | 0 |
_aالإقتصاد المالي نظرية مالية الدولية : _bالسياسات المالية للنظام الرأسمالي / _c مجدي محمود شهاب |
|
| 260 |
_aالإسكندرية: _bدار الجامعة الجديدة للنشر, _c1999 |
||
| 300 |
_a478 صفحة؛ _bإيضاحات ؛ _c24 سم |
||
| 490 | _aالمكتبة الاقتصادية | ||
| 504 | _aالمراجع ص.459 | ||
| 520 | _aنظرية الانفاق العام، نظرية الايراد العام، نظرية الموازنة العامة | ||
| 653 | _aالإقتصاد المالي | ||
| 653 | _aالرأسمالية | ||
| 653 | _aالنظم الإقتصادية | ||
| 942 | _cكتاب | ||
| 999 |
_c45076 _d45076 |
||